000 00730cab a2200253 4500
001 WB3447-21
008 090401t1998 xxu||||| |||| 00| 0 eng d
035 _a(Sirsi) u90241
041 _aeng
245 _aWe should be free to roam the land
260 _c1998
350 _a0
490 _aDaily Telegraph
_v10 December 1998, 32(2)
520 _aShows support for the government freedom-to-roam consultation paper, on behalf of the Ramblers` Association.
650 _aACCESS TO THE COUNTRYSIDE
650 _aCONSULTATION PAPER
650 _aFREEDOM-TO-ROAM
650 _aGOVERNMENT POLICY
650 _aRAMBLERS` ASSOCIATION
650 _aRIGHT TO ROAM
690 _aLAND
942 _n0
948 _c10/12/1998
999 _c57184
_d57184